00949nam a2200241'' 4500003000500000005001700005008004100022010001000063011001000073035001100083040000900094100003300103245017900136260004000315300005200355502011200407530003600519650002000555650002100575650001400596700003300610856006400643CHAP20220329143402.0090210s2008 mx a r 00010 spa d a95806 a96778 a107435 cCHAP1 aVelázquez Pérez, Leodan.10aPlan de negocios para la comercialización de mango de la unión de ejidos del municipio de Tomatlán Jaliscoc/por Leodan Velázquez Pérez y Rogelio Martínez Muñoz aChapingo, Méx. :bEl autor,c2008 ax, 85 h. :bilus., cuadros, diagramas, gráfs. aTesis (Ing. Agr. Esp. en Economía Agrícola) -- UACH. División de Ciencias Económico Administrativas aTambién disponible en línea14aMangoxJalisco.14aMangoxMercadeo.14aNegocios.1 aMartínez Muñoz, Rogelio. 3Finding aiduhttp://10.13.5.2/tesis/107435.pdfzTeclea aqui